<?xml version="1.0" encoding="UTF-8"?>
<record
    xmlns:xsi="http://www.w3.org/2001/XMLSchema-instance"
    xsi:schemaLocation="http://www.loc.gov/MARC21/slim http://www.loc.gov/standards/marcxml/schema/MARC21slim.xsd"
    xmlns="http://www.loc.gov/MARC21/slim">

  <leader>01964nam a2200289Ia 4500</leader>
  <controlfield tag="001">H6571</controlfield>
  <controlfield tag="003">IT-RoPAU</controlfield>
  <controlfield tag="008">130308s9999    xx            000 0 und d</controlfield>
  <datafield tag="040" ind1=" " ind2=" ">
    <subfield code="a">IT-RoPAU</subfield>
  </datafield>
  <datafield tag="040" ind1=" " ind2=" ">
    <subfield code="c">IT-RoPAU</subfield>
  </datafield>
  <datafield tag="041" ind1=" " ind2=" ">
    <subfield code="a">ITALIANO</subfield>
  </datafield>
  <datafield tag="100" ind1=" " ind2=" ">
    <subfield code="a">Bargellini Piero</subfield>
  </datafield>
  <datafield tag="100" ind1=" " ind2=" ">
    <subfield code="g">Codice Aut. SPICS: 58572</subfield>
  </datafield>
  <datafield tag="245" ind1=" " ind2=" ">
    <subfield code="a">Belvedere - Il Quattrocento - Panorama storico dell'arte</subfield>
  </datafield>
  <datafield tag="245" ind1=" " ind2=" ">
    <subfield code="b">Belvedere - Il Quattrocento - Panorama Storico dell'arte </subfield>
  </datafield>
  <datafield tag="250" ind1=" " ind2=" ">
    <subfield code="a">1a ed.</subfield>
  </datafield>
  <datafield tag="260" ind1=" " ind2=" ">
    <subfield code="a">FIRENZE</subfield>
  </datafield>
  <datafield tag="260" ind1=" " ind2=" ">
    <subfield code="b">Vallecchi</subfield>
  </datafield>
  <datafield tag="260" ind1=" " ind2=" ">
    <subfield code="c">1962 [1&#xB0; Ed.:1962 - Ed.Ling.Originale:1962]</subfield>
  </datafield>
  <datafield tag="300" ind1=" " ind2=" ">
    <subfield code="a">"386 p. (prefazione: no ; testo: 386 [pagine: 0-0])"</subfield>
  </datafield>
  <datafield tag="500" ind1=" " ind2=" ">
    <subfield code="a">"Famiglia del mercante e palazzo Rinascimentale. Studia Humanitatis e Architettura Brunelleschiana. Uomo misura di Tutte le Cose e Architettura a Piana Centrale. rotonda del Brunelleschi e sogno Irrealizzato del Grande Architetto. Concorso delle Porte e Ultima Espressione scultura  Gotica. Donato di Niccolo' di Betto De' Bardi Rinnovatore e maestro scultura  Quattrocentesca.Pisanello, Gentile e pittori del Tardo Gotico. giovane Masaccio e pitture  della Cappella Brancacci. Suggestione del classicismo e Architettura di Leon Battista Alberti. scultori Architetti fiorentini e Ornamento dei Monumenti. Desiderio, Mino, Luca e Decorazione Scultorea Fiorentina. Beato Angelicoe Nuova Pittura Religiosa. Paolo uccello e Applicazione Prospettiva. Fratemalfratato e Mondanit&#xE0; nella Pittura. 1 veneziano tra 3 toscani e gusto Xaree Coloriture. Crudezza del Mantegna e Dolcezza di Giambellino. corti Principesche e Arte Profana Celebrativa. bottega del Verrocchio e Crisi dell'arte  Religiosa. conversioneDel Botticelli e Crisi della Cultura Umanistica. Indici: Riassunto del Settimo Volume; tavole a Colori; Illustrazioni in Nero; Nomi e Cose Notevoli."</subfield>
  </datafield>
  <datafield tag="650" ind1=" " ind2=" ">
    <subfield code="a">STORIA UNIVERSALE DELLE ARTI VISIVE</subfield>
  </datafield>
  <datafield tag="650" ind1=" " ind2=" ">
    <subfield code="e">Codice materia Spics: 5009</subfield>
  </datafield>
  <datafield tag="942" ind1=" " ind2=" ">
    <subfield code="c">BK</subfield>
  </datafield>
  <datafield tag="957" ind1=" " ind2=" ">
    <subfield code="7">1</subfield>
  </datafield>
  <datafield tag="999" ind1=" " ind2=" ">
    <subfield code="c">90624</subfield>
    <subfield code="d">90624</subfield>
  </datafield>
  <datafield tag="999" ind1=" " ind2=" ">
    <subfield code="g">1</subfield>
  </datafield>
  <datafield tag="952" ind1=" " ind2=" ">
    <subfield code="0">0</subfield>
    <subfield code="1">0</subfield>
    <subfield code="4">0</subfield>
    <subfield code="6">H_000000000000000_6571</subfield>
    <subfield code="7">1</subfield>
    <subfield code="a">SPICS</subfield>
    <subfield code="b">SPICS</subfield>
    <subfield code="d">2013-03-08</subfield>
    <subfield code="l">0</subfield>
    <subfield code="o">H6571</subfield>
    <subfield code="r">2013-03-08 00:00:00</subfield>
    <subfield code="w">2013-03-08</subfield>
    <subfield code="y">BK</subfield>
    <subfield code="z">Progressivo inserimento:  22100 /  N. Volumi: 1 Copie: 1  / data import: 1 marzo 2013 - By Epidotti, Trombetti, Vaglietti. </subfield>
  </datafield>
</record>
